| 000 | 00609nam a2200193Ia 4500 | ||
|---|---|---|---|
| 001 | 14904 | ||
| 003 | GE_BSU | ||
| 008 | 181216s||||||||xx |||||||||||||| ||und|| | ||
| 040 | _cGE_BSU | ||
| 080 | _a514.12(075.8) | ||
| 100 | _aБахвалов,С.В. Моденов,А.С. Пархоменко,А.С. | ||
| 245 | _aСборник задач по аналитической геометрии | ||
| 260 | _aМ-Л | ||
| 260 | _bГостехиздат | ||
| 260 | _c1948 | ||
| 300 | _a487стр.22см. | ||
| 653 | _aСборник задач по аналитической геометрии | ||
| 942 | _cBK | ||
| 999 |
_c48024 _d48024 |
||